Detalles MARC
| 000 -LEADER |
| fixed length control field |
01012nam a2200289 i 4500 |
| 003 - CONTROL NUMBER IDENTIFIER |
| control field |
DO-SdBNP |
| 005 - DATE AND TIME OF LATEST TRANSACTION |
| control field |
20250509085023.0 |
| 007 - PHYSICAL DESCRIPTION FIXED FIELD--GENERAL INFORMATION |
| fixed length control field |
ta |
| 008 - FIXED-LENGTH DATA ELEMENTS--GENERAL INFORMATION |
| fixed length control field |
230710b200- dr a | 00| 0 spa d |
| 020 ## - INTERNATIONAL STANDARD BOOK NUMBER |
| International Standard Book Number |
9789945465785 |
| 040 ## - CATALOGING SOURCE |
| Original cataloging agency |
DO-SdBNP |
| Language of cataloging |
spa |
| Transcribing agency |
BPMSU |
| Description conventions |
rda |
| 082 #4 - DEWEY DECIMAL CLASSIFICATION NUMBER |
| Classification number |
RD863.5 |
| Item number |
T233m |
| Edition number |
22 |
| 100 1# - MAIN ENTRY--PERSONAL NAME |
| Personal name |
Taveras, Amy, |
| Relator term |
autora |
| 245 10 - TITLE STATEMENT |
| Title |
Marie miel / |
| Statement of responsibility, etc. |
Amy Taveras ; edición, Daniel Torres Mata ; corrección, Arsenio Hernández Fortuna ; ilustraciones Víctor Manuel |
| 264 #1 - PRODUCTION, PUBLICATION, DISTRIBUTION, MANUFACTURE, AND COPYRIGHT NOTICE |
| Place of production, publication, distribution, manufacture |
Santo Domingo : |
| Name of producer, publisher, distributor, manufacturer |
Ediciones CP, |
| Date of production, publication, distribution, manufacture, or copyright notice |
200-. |
| 300 ## - PHYSICAL DESCRIPTION |
| Extent |
23 páginas : |
| Other physical details |
Ilustraciones ; |
| Dimensions |
23 cm. |
| 490 0# - SERIES STATEMENT |
| Series statement |
Superhéroes de la vida |
| 590 ## - LOCAL NOTE (RLIN) |
| Local note |
Inventariado 2023/VM |
| 650 #4 - SUBJECT ADDED ENTRY--TOPICAL TERM |
| Topical term or geographic name as entry element |
cuentos intantiles dominicanos |
| 650 #4 - SUBJECT ADDED ENTRY--TOPICAL TERM |
| Topical term or geographic name as entry element |
Literatura infantil dominicana |
| 650 #4 - SUBJECT ADDED ENTRY--TOPICAL TERM |
| Topical term or geographic name as entry element |
Abejas Cuentos infantiles |
| 700 1# - ADDED ENTRY--PERSONAL NAME |
| Personal name |
Torres Mata, Daniel, |
| Relator term |
edición |
| 700 1# - ADDED ENTRY--PERSONAL NAME |
| Personal name |
Hernández Fortuna, Arsenio, |
| Relator term |
corrección |
| 700 1# - ADDED ENTRY--PERSONAL NAME |
| Personal name |
Manuel, Víctor, |
| Relator term |
ilustraciones |
| 910 ## - USER-OPTION DATA (OCLC) |
| User-option data |
VMateo V. Control de calidad. BPMSU |
| 942 ## - ADDED ENTRY ELEMENTS (KOHA) |
| Source of classification or shelving scheme |
Dewey Decimal Classification |
| Koha item type |
Libros |